000
00241nam a22001097a 4500
008
180730b xxu||||| |||| 00| 0 eng d
082
_a
813.52
245
_a
World History
_c
Ellis
300
_a
1
_f
CD
440
_x
0131333666
942
_2
ddc
_c
MX
999
_c
46681
_d
46681